Southville International School and Colleges
Your cart is empty.
  • Cart
  • Lists
    Public lists Eva Luna New books Lux_list list_1
    Your lists Log in to create your own lists
  • Log in to your account
  • Your cookies
  • Search history
Southville International School and Colleges
  • Advanced search
  • Recent comments
  • Most popular
  • Libraries

Log in to your account

Log in with GOOGLE


If you do not have an external account, but do have a local account, you can still log in:

  1. Home
  2. MARC view: Paranormal media :
Normal view MARC view ISBD view

Paranormal media : (Record no. 24463)

[ view plain ]
MARC details
000 -LEADER
fixed length control field 01002nam a2200241 a 4500
005 - DATE AND TIME OF LATEST TRANSACTION
control field 20140310183524.0
008 - FIXED-LENGTH DATA ELEMENTS--GENERAL INFORMATION
fixed length control field 111011s19uu xx 00 eng d
010 ## - LIBRARY OF CONGRESS CONTROL NUMBER
LC control number 2010022668
020 ## - INTERNATIONAL STANDARD BOOK NUMBER
International Standard Book Number 9780415544634
050 ## - LIBRARY OF CONGRESS CALL NUMBER
Classification number P 96.P322
Item number .H55 2011
100 ## - MAIN ENTRY--PERSONAL NAME
Personal name Hill, Annette
245 ## - TITLE STATEMENT
Title Paranormal media :
Remainder of title audiences, spirits, and magic in popular culture /
Statement of responsibility, etc Annette Hill.
260 ## - PUBLICATION, DISTRIBUTION, ETC. (IMPRINT)
Place of publication, distribution, etc London ; New York :
Name of publisher, distributor, etc Routledge,
Date of publication, distribution, etc 2011.
300 ## - PHYSICAL DESCRIPTION
Extent x, 210 p. :
Other physical details ill. ;
Dimensions 24 cm.
500 ## - GENERAL NOTE
General note Includes bibliographical references (p. 197-205) and index.
520 ## - SUMMARY, ETC.
Summary, etc Contents: Ordinary and extraordinary -- Spirit histories -- Paranormal in popular culture -- Armchair ghost hunters -- Psychic tourists -- Experiences -- Beyond magic -- The audience is the show -- Transformative acts.
521 ## - TARGET AUDIENCE NOTE
Target audience note
650 ## - SUBJECT ADDED ENTRY--TOPICAL TERM
Topical term or geographic name as entry element Parapsychology in mass media
650 ## - SUBJECT ADDED ENTRY--TOPICAL TERM
Topical term or geographic name as entry element Mass media and culture
Geographic subdivision Great Britain
650 ## - SUBJECT ADDED ENTRY--TOPICAL TERM
Topical term or geographic name as entry element Mass media and culture
Geographic subdivision United States
942 ## - ADDED ENTRY ELEMENTS (KOHA)
Koha item type Books
Source of classification or shelving scheme Library of Congress Classification
Call number prefix Foreign
Holdings
Withdrawn status Lost status Source of classification or shelving scheme Damaged status Home library Current library Shelving location Date acquired Source of acquisition Total Checkouts Total Renewals Full call number Barcode Date last seen Date checked out Price effective from Koha item type
    Library of Congress Classification   College Library College Library General Circulation Section 10/11/2011 Donation 1 2 P 96.P322 .H55 2011 C12462 05/15/2018 01/15/2018 03/10/2014 Books

Paranormal media :

APA

Hill A., . (2011). Paranormal media. London ; New York: Routledge.

Chicago

Hill Annette, . 2011. Paranormal media. London ; New York: Routledge.

Harvard

Hill A., . (2011). Paranormal media. London ; New York: Routledge.

MLA

Hill Annette, . Paranormal media. London ; New York: Routledge. 2011.

  • Place hold
  • Print
  • Cite
  • Add to your cart (remove)
  • Save record
    BIBTEX Dublin Core MARCXML MARC (non-Unicode/MARC-8) MARC (Unicode/UTF-8) MARC (Unicode/UTF-8, Standard) MODS (XML) RIS
  • More searches
    Search for this title in:
    Other Libraries (WorldCat) Other Databases (Google Scholar) Online Stores (Bookfinder.com) Open Library (openlibrary.org)

Exporting to Dublin Core...

SOUTHVILLE LIBRARY

Southville International School and Colleges Library

1281 Tropical Ave. Cor. Luxembourg St., BF Homes International, Las Pinas City

Tel. No. 8256374 / 252358 Loc. 117/146

Powered by Koha